Fire and fury : (Record no. 13804)
[ view plain ]
| 000 -LEADER | |
|---|---|
| fixed length control field | 00677nam a2200229 a 4500 |
| 001 - CONTROL NUMBER | |
| JCCL Control Number | 13804 |
| 003 - CONTROL NUMBER IDENTIFIER | |
| JCCL marc code | BD-JhCC |
| 005 - DATE AND TIME OF LATEST TRANSACTION | |
| control field | 20240327092555.0 |
| 008 - FIXED-LENGTH DATA ELEMENTS--GENERAL INFORMATION | |
| fixed length control field | 240327b2018 nyu |||| ||a| 001 0 eng d |
| 020 ## - INTERNATIONAL STANDARD BOOK NUMBER | |
| International Standard Book Number | 9781250158062 |
| 035 ## - SYSTEM CONTROL NUMBER | |
| system control number | (BD-JhCC)13804 |
| 040 ## - CATALOGING SOURCE | |
| Original cataloging agency | BD-JhCC |
| Modifying agency | BD-JhCC |
| 041 ## - LANGUAGE CODE | |
| Language code of Book | english |
| 082 ## - DEWEY DECIMAL CLASSIFICATION NUMBER | |
| Classification number | 320.47 |
| Author mark and Year | WOL 2018 |
| 100 ## - MAIN ENTRY--PERSONAL NAME | |
| Personal name | Wolff, Michael |
| 245 ## - TITLE STATEMENT | |
| Title | Fire and fury : |
| Remainder of title | Inside the Trump White House / |
| Statement of responsibility, etc | Michael Wolff . |
| 260 ## - PUBLICATION, DISTRIBUTION, ETC. (IMPRINT) | |
| Place of publication, distribution, etc | London: |
| Name of publisher, distributor, etc | Little Brown; |
| Date of publication, distribution, etc | 2018. |
| 300 ## - PHYSICAL DESCRIPTION | |
| Pagination | xiii, 321 p. : |
| 650 ## - SUBJECT ADDED ENTRY--TOPICAL TERM | |
| Topical term or geographic name as entry element | POLITICAL SCIENCE American Government |
| General subdivision | National |
| Geographic subdivision | United States Politics and government 2009-2017 |
| 942 ## - ADDED ENTRY ELEMENTS (KOHA) | |
| Source of classification or shelving scheme | Dewey Decimal Classification |
| Koha item type | Books |
| Source of classification or shelving scheme | Damaged status | Not for loan | Home library | Current library | Shelving location | Date of accession | Cost, normal purchase price | Total Checkouts | Full call number | Barcode | Date last seen | Copy number | Method of acquisition | Koha item type | Currency |
|---|---|---|---|---|---|---|---|---|---|---|---|---|---|---|---|
| Dewey Decimal Classification | JCC Rouf Library | JCC Rouf Library | General Stacks | 750.00 | 320.47 WOL 2018 | 19152 | 03/27/2024 | C-1 | Purchase | Books | BDT |